| 000 | 00423nam a2200157Ia 4500 | ||
|---|---|---|---|
| 008 | 230312s9999||||xx |||||||||||||| ||und|| | ||
| 020 | _a81-312-2254-6 | ||
| 082 |
_a621.319 _bTLE-P |
||
| 100 | _aTleis;Nasser | ||
| 245 | 0 | _aPower Systems Modelling and Fault Analysis | |
| 260 |
_bNewnes _aIndia _c2008 |
||
| 300 | _a618 | ||
| 546 | _aEng. | ||
| 650 |
_aEngineering _vPower Systems Modelling and Fault Analysis |
||
| 942 | _cBK | ||
| 999 |
_c7498 _d7498 |
||